| 000 | 00913nam a22002417a 4500 | ||
|---|---|---|---|
| 999 |
_c22514 _d22514 |
||
| 003 | AR-CdUCM | ||
| 008 | 190319b ||||| |||| 00| 0 spa d | ||
| 040 |
_aMUNICIPALIDAD PROVINCIAL DEL CUSCO _cBIBLIOTECA MUNICIPAL DEL CUSCO |
||
| 082 |
_a630.985/L4 _bL4 |
||
| 110 |
_aMinisterio de Cultura Perú _948332 |
||
| 245 |
_aLishtay y Fajina : _brituales agrícolas de los Andes centrales / _c[investigación y textos, Pedro Roel Mendizábal] |
||
| 260 |
_aLima : _bMinisterio de Cultura, _c2017. |
||
| 300 |
_a105 páginas. : _bilustraciones en color ; _c16 cm. _e+1 DVD |
||
| 500 | _zBibliografía: p. [100]-104. | ||
| 650 |
_aAgricultura tradicional _912031 |
||
| 650 |
_aCosmología indígena _910835 |
||
| 650 |
_aIndígenas del Perú _95715 |
||
| 650 |
_aAgricultura _9320 |
||
| 700 |
_aRoel Mendizábal, Pedro _948327 |
||
| 710 |
_aPerú Ministerio de Cultura _948357 |
||
| 942 |
_2ddc _cLIBROS |
||
| 945 | _arac | ||